<?xml version="1.0" encoding="UTF-8"?>
<record
    xmlns:xsi="http://www.w3.org/2001/XMLSchema-instance"
    xsi:schemaLocation="http://www.loc.gov/MARC21/slim http://www.loc.gov/standards/marcxml/schema/MARC21slim.xsd"
    xmlns="http://www.loc.gov/MARC21/slim">

  <leader>01138nam a22002777a 4500</leader>
  <controlfield tag="005">2012011605265.0</controlfield>
  <controlfield tag="008">120116t        xxu||||| |||| 00| 0 eng d</controlfield>
  <datafield tag="010" ind1=" " ind2=" ">
    <subfield code="a">ENG-104726</subfield>
  </datafield>
  <datafield tag="020" ind1=" " ind2=" ">
    <subfield code="a">9781259003233</subfield>
    <subfield code="c">310.00</subfield>
  </datafield>
  <datafield tag="020" ind1=" " ind2=" ">
    <subfield code="a">125900323x</subfield>
    <subfield code="c">310.00</subfield>
  </datafield>
  <datafield tag="035" ind1=" " ind2=" ">
    <subfield code="a">EN-88259</subfield>
  </datafield>
  <datafield tag="037" ind1=" " ind2=" ">
    <subfield code="b">DBAD/PUB</subfield>
  </datafield>
  <datafield tag="040" ind1=" " ind2=" ">
    <subfield code="a">dpl </subfield>
    <subfield code="b">Eng</subfield>
  </datafield>
  <datafield tag="082" ind1=" " ind2=" ">
    <subfield code="a">621.3</subfield>
  </datafield>
  <datafield tag="100" ind1=" " ind2=" ">
    <subfield code="a">Chakrabarti, Abhijit</subfield>
    <subfield code="9">12973</subfield>
  </datafield>
  <datafield tag="245" ind1=" " ind2=" ">
    <subfield code="a">Basic electrical and electronics engineering-II :</subfield>
    <subfield code="c">by Abhijit Chakrabarti, Sudipta Nath  [and] Soumitra Kumar Mandal</subfield>
    <subfield code="b">WBUT-2011-12 /</subfield>
  </datafield>
  <datafield tag="250" ind1=" " ind2=" ">
    <subfield code="a">2nd  ed</subfield>
  </datafield>
  <datafield tag="260" ind1=" " ind2=" ">
    <subfield code="a">New Delhi</subfield>
    <subfield code="b">Tata McGraw-Hill </subfield>
    <subfield code="c">2012</subfield>
  </datafield>
  <datafield tag="270" ind1=" " ind2=" ">
    <subfield code="a">7, West Patel Nagar</subfield>
    <subfield code="b">New Delhi</subfield>
    <subfield code="e">110008</subfield>
  </datafield>
  <datafield tag="300" ind1=" " ind2=" ">
    <subfield code="a">Various pagings</subfield>
    <subfield code="c">23cm (pbk)</subfield>
  </datafield>
  <datafield tag="505" ind1=" " ind2=" ">
    <subfield code="a">Pt.1-electrical engineering-II by Abhijit Chakrabarti [and] Sudipta Nath ; Pt.2-electronics engineering-II by Soumitra Kumar Mandal </subfield>
  </datafield>
  <datafield tag="700" ind1=" " ind2=" ">
    <subfield code="a">Nath, Sudipta</subfield>
    <subfield code="9">1057</subfield>
  </datafield>
  <datafield tag="700" ind1=" " ind2=" ">
    <subfield code="a">Mandal, Soumitra Kumar</subfield>
    <subfield code="9">39212</subfield>
  </datafield>
  <datafield tag="942" ind1=" " ind2=" ">
    <subfield code="2">ddc</subfield>
    <subfield code="c">EN</subfield>
    <subfield code="m">CHA</subfield>
    <subfield code="h">621.3</subfield>
  </datafield>
  <datafield tag="999" ind1=" " ind2=" ">
    <subfield code="c">60922</subfield>
    <subfield code="d">60922</subfield>
  </datafield>
  <datafield tag="952" ind1=" " ind2=" ">
    <subfield code="0">0</subfield>
    <subfield code="1">0</subfield>
    <subfield code="2">ddc</subfield>
    <subfield code="4">0</subfield>
    <subfield code="7">1</subfield>
    <subfield code="8">NFIC</subfield>
    <subfield code="a">DBAD</subfield>
    <subfield code="b">DBAD</subfield>
    <subfield code="d">2012-01-16</subfield>
    <subfield code="e">DBAD/PUB</subfield>
    <subfield code="g">310.00</subfield>
    <subfield code="l">0</subfield>
    <subfield code="o">621.3 CHA</subfield>
    <subfield code="p">EN-88259</subfield>
    <subfield code="r">2012-01-16 00:00:00</subfield>
    <subfield code="t">1</subfield>
    <subfield code="v">310.00</subfield>
    <subfield code="w">2012-01-16</subfield>
    <subfield code="y">EN</subfield>
  </datafield>
</record>
